[Event "Moscow Open G 2013"]
[Site "Moscow RUS"]
[Date "2013.02.10"]
[Round "9.3"]
[Board "23"]
[White "Ziaziulkina, Nastassia"]
[Black "Savina, Anastasia"]
[Result "0-1"]
[WhiteTitle "WGM"]
[BlackTitle "IM"]
[WhiteElo "2345"]
[BlackElo "2339"]
[WhiteFideId "13505211"]
[BlackFideId "4196872"]
[EventDate "2013.02.02"]

1. e4 c5 2. Nf3 e6 3. d4 cxd4 4. Nxd4 Nf6 5. Bd3 Nc6 6. Nxc6 bxc6 7. O-O e5 8.
Nc3 Be7 9. Qe2 d6 10. Ba6 Bg4 11. f3 Be6 12. Bc4 O-O 13. Bxe6 fxe6 14. b3 Nh5
15. g3 Qe8 16. Ba3 d5 17. Bxe7 Qxe7 18. Na4 Qg5 19. Rad1 Nf4 20. Qd2 Nh3+ 21.
Kg2 Qh5 22. Nc5 Rf6 23. exd5 exd5 24. c4 Ng5 25. Qe3 Raf8 26. Nd7 Qh3+ 27. Kh1
Rxf3 28. Rxf3 Nxf3 0-1

[Event "Moscow Open G 2013"]
[Site "Moscow RUS"]
[Date "2013.02.10"]
[Round "9.4"]
[Board "24"]
[White "Vasilevich, Irina"]
[Black "Saduakassova, Dinara"]
[Result "1-0"]
[WhiteTitle "IM"]
[BlackTitle "WGM"]
[WhiteElo "2370"]
[BlackElo "2312"]
[WhiteFideId "4141296"]
[BlackFideId "13700090"]
[EventDate "2013.02.02"]

1. e4 e5 2. Nf3 Nc6 3. Bc4 Bc5 4. b4 Bxb4 5. c3 Ba5 6. d4 exd4 7. Qb3 Qe7 8. O-O
Bb6 9. cxd4 Nxd4 10. Nxd4 Bxd4 11. Nc3 Nf6 12. Nb5 Be5 13. Ba3 d6 14. Rac1 c6
15. f4 Bxf4 16. Rxf4 cxb5 17. Bxb5+ Bd7 18. e5 Qxe5 19. Bxd7+ Nxd7 20. Rxf7 Rf8
21. Rxf8+ Nxf8 22. Qxb7 Qe3+ 23. Kh1 Rd8 24. Rf1 Qe7 25. Qb5+ Nd7 26. Qh5+ g6
27. Qb5 Qe6 28. Qa6 Ne5 29. Qxa7 Qc4 30. Re1 Qc3 31. Qa4+ Kf7 32. Rf1+ Ke6 33.
Qa7 Qd3 34. Kg1 Rd7 35. Qa8 Qe3+ 36. Kh1 Rf7 37. Qe8+ Re7 38. Qc8+ Kd5 39. Qa8+
Ke6 40. Qc8+ Kd5 41. Qg8+ Kc6 42. Rc1+ Kb7 43. Qc8+ Ka7 44. Bxd6 Nc6 45. Rg1 1-0

[Event "Moscow Open G 2013"]
[Site "Moscow RUS"]
[Date "2013.02.10"]
[Round "9.5"]
[Board "25"]
[White "Enkhtuul, Altanulzii"]
[Black "Szczepkowska-Horowska, Karina"]
[Result "1/2-1/2"]
[WhiteTitle "WIM"]
[BlackTitle "WGM"]
[WhiteElo "2148"]
[BlackElo "2398"]
[WhiteFideId "4901444"]
[BlackFideId "1122681"]
[EventDate "2013.02.02"]

1. Nf3 Nf6 2. d4 d5 3. c4 dxc4 4. g3 e6 5. Bg2 Be7 6. O-O O-O 7. Na3 Nbd7 8.
Nxc4 c6 9. Nfe5 Nb6 10. Na5 Nbd5 11. Nb3 a5 12. e4 Nc7 13. Be3 Na6 14. a3 Nd7
15. Nd3 a4 16. Nd2 b5 17. e5 Bb7 18. Rc1 Rc8 19. Qg4 Kh8 20. Qh3 Nc7 21. Be4 g6
22. Nf4 Rg8 23. Bxc6 Bxc6 24. Rxc6 Nd5 25. Rxc8 Qxc8 26. Nxd5 exd5 27. Qg4 Nb6
28. Qf3 Qe6 29. Nb1 Rc8 30. Rc1 Kg8 31. Nc3 b4 32. axb4 Bxb4 33. Na2 Bf8 34. Qd1
Qf5 35. Rxc8 Qxc8 36. Qc1 Qd7 37. Qc2 Qb5 38. Nc3 Qc4 39. Qe2 Qxe2 40. Nxe2 Bb4
41. Nc1 Nc4 42. Na2 Ba5 43. Bc1 Bb6 44. Nc3 Bxd4 45. Nxa4 Bxe5 46. Kf1 Kf8 47.
Ke2 Ke7 48. b3 Na5 49. b4 Nc6 50. Bd2 Bd6 51. Nc5 Bxc5 52. bxc5 Nd8 53. Bb4 Kd7
54. Kf3 Ne6 55. Ke3 Kc6 56. f4 f5 57. Ba3 h5 58. Kd3 h4 59. gxh4 Nxf4+ 60. Kd4
Ng2 61. Ke5 f4 62. Bb2 Kxc5 63. Bd4+ Kc4 64. Bf2 Kd3 65. Kxd5 Ke2 66. Bg1 Kf3
67. Ke5 Nxh4 68. h3 Nf5 69. Kf6 Ng3 70. Kg5 Ne2 71. Bb6 Ke4 72. h4 f3 73. Bf2
Nf4 74. Bg3 Nh5 75. Bf2 Kd3 76. Kxg6 Ke2 77. Bb6 Nf4+ 78. Kg5 Nd5 79. Bg1 Kf1
80. Ba7 Ke2 81. Bg1 Kf1 82. Ba7 1/2-1/2